Pokémon - Les attaques de Gromago - Statistiques

Statistiques générales
  • Ce quiz a été pris 12 fois
  • Le résultat moyen est 7 sur 12
Statistiques - réponses
Niveaux Types Noms des attaques % Correct
Niveau 56 Acier Ruée d'Or
100%
Niveau 35 Spectre Ball'Ombre
89%
Départ Spectre Étonnement
78%
Niveau 63 Ténèbres Machination
78%
Niveau 14 Spectre Onde Folie
78%
Niveau 49 Roche Rayon Gemme
78%
Départ Normal Charge
67%
Niveau 7 Spectre Ombre Nocturne
56%
Niveau 28 Acier Strido-Son
56%
Niveau 70 Ténèbres Souvenir
33%
Niveau 21 Normal Clonage
11%
Niveau 42 Normal Soin
11%
Aucun quiz correspondant
Distribution des résultats
% des personnes avec chaque résultat
Percentile par nombre de réponses
Votre historique - résultats
Vous n’avez pas pris ce quiz